000 00824nam a22002777a 4500
003 CHAP
005 20220329140435.0
008 971013s1944 r 00010 d
010 _a51986
011 _a52958
035 _a57108
040 _cCHAP
082 _a332.71
_bF46
100 0 0 _aFernández y Fernández, Ramón.
_940322
245 _aCurso sobre el crédito agrícola en Estados Unidos
260 _aChapingo, Méx. :
_bENA,
_c1944
300 _av.
590 _aBATCH-UPD
_b10
_c20130110
_lUCH01
_h2243
590 _aBATCH-UPD
_b10
_c20130410
_lUCH01
_h1537
590 _aBATCH-UPD
_b10
_c20130914
_lUCH01
_h1101
590 _aCONVERSION
_b10
_c20130109
_lUCH01
_h1328
650 1 4 _aCrédito agrícola
_xE.U.A.
_929051
901 _aBK
942 _cLIBRO
949 _a332.71 F46
_bBC
_cUACH
_d-124389
_eUACH
_i57108
_si
999 _c51986
_d51986